Analýza nákladového řízení ve společnosti HRATES, a.s. a návrh efektivnějšího řízení nákladů

Saved in:
Bibliographic Details
Main Author Nesrstová, Vladimíra (Dissertant)
Other Authors Novák, Petr (Thesis advisor)
Format Manuscript Book
LanguageCzech
Published 2007
Subjects
Online AccessPlný text v Digitální knihovně UTB
Physical Description70 s., 11 s. obr. příloh.

Cover

LEADER 00000ntm a22000007u 4500
001 zp4258
041 |a cze 
100 1 |a Nesrstová, Vladimíra  |4 dis 
245 1 0 |a Analýza nákladového řízení ve společnosti HRATES, a.s. a návrh efektivnějšího řízení nákladů 
246 |a An Analysis of Cost Management of Company HRATES, Inc. And a Project for More Effective Cost Management 
260 |c 2007 
300 |a 70 s., 11 s. obr. příloh. 
500 |a Studijní obor: Management a ekonomika 
500 |a Studijní obor: Management and economics 
500 |a Ústav: Ústav podnikové ekonomiky 
500 |a Univerzita Tomáše Bati ve Zlíně. Fakulta managementu a ekonomiky 
500 |a Tomas Bata University in Zlín. Faculty of Management and Economics 
506 |a Práce bude přístupná pouze v rámci univerzity od 18.05.2037 
653 |a náklady 
653 |a pojetí nákladů 
653 |a klasifikace nákladů 
653 |a evidence nákladů 
653 |a kalkulace 
653 |a druhy kalkulací 
653 |a kalkulační metody 
653 |a skutečné náklady 
653 |a cena 
653 |a costs 
653 |a cost conception 
653 |a cost classification 
653 |a cost records 
653 |a costing 
653 |a costing kinds 
653 |a costing methods 
653 |a real costs 
653 |a price 
655 4 |a bakalářská práce 
700 1 |a Novák, Petr  |4 ths 
710 2 |a Univerzita Tomáše Bati ve Zlíně. Fakulta managementu a ekonomiky  |4 dgg 
710 2 |a Tomas Bata University in Zlín. Faculty of Management and Economics  |4 dgg 
856 4 0 |u http://hdl.handle.net/10563/2941  |y Plný text v Digitální knihovně UTB